|
|
|
|
| LEADER |
00885nam a2200217 a 4500 |
| 001 |
2537846 |
| 008 |
100106s1992 bg a 000 0ceng d |
| 010 |
|
|
|a 93902041
|
| 040 |
|
|
|a DLC
|c DLC
|d DLC
|d BD-DhAAL
|
| 082 |
0 |
0 |
|a 306.74/2/0954922
|2 20
|
| 245 |
0 |
0 |
|a Teen-agers are forced for flesh trade /
|c edited by Baby Maudud.
|
| 260 |
|
|
|a Dhaka :
|b Bangladesh Mahila Parishad,
|c 1992.
|
| 300 |
|
|
|a 88 p. :
|b ill. ;
|c 22 cm.
|
| 541 |
1 |
|
|e 00006105
|
| 650 |
|
0 |
|a Teenage prostitution
|z Bangladesh
|z Dhaka
|x Case studies.
|
| 650 |
|
0 |
|a Prostitutes
|z Bangladesh
|z Dhaka
|x Biography.
|
| 700 |
1 |
|
|a Maoduda, Bebi.
|
| 710 |
2 |
|
|a Bāṃlādeśa Mahilā Parishada.
|
| 852 |
4 |
|
|a Ayesha Abed Library
|j General shelf
|
| 999 |
|
|
|c 6741
|d 6741
|
| 952 |
|
|
|0 0
|1 0
|2 ddc
|4 0
|6 306_742095492200000_TEE_1992
|7 0
|9 6921
|a BRACUL
|b BRACUL
|c GEN
|d 2010-01-06
|l 1
|m 4
|o 306.7420954922 TEE
|p 3010006105
|r 2011-07-28
|s 2011-07-05
|t 1
|w 2010-01-06
|y BK
|